00602nam a2200157Ia 4500003000900000008004100009020002600050020002700076040001600103100002200119245011300141260003200254300002000286490003400306856010400340IN-BaIIA211028s9999 xx s 000 0 eng d a9781510612211 (Print) a9781510612228 (Online) cIIA Library aYin, Shizhuo, ed. 0aPhotonic Fiber and Crystal Devices: Advances in Materials and Innovations in Device Applications XIh[eBook] aWashington, USAbSPIEc2017 aOnline resource aProceedings of SPIE; V. 10382 uhttps://www.spiedigitallibrary.org/conference-proceedings-of-spie/10382yClick Here to Access eBook